000 00614nam a2200229Ia 4500
003 OSt
005 20220924151129.0
006 a|||||r|||| 00| 0
007 ta
008 220923b |||||||| |||| 00| 0 tel d
024 _a336284
037 _cTextual
040 _aARTS
_cARTS
_btel
041 _2tel
_atel
082 _a035,3NLA4,1, J0
100 _aSastri Lakshminarasimha Au.
_9223632
245 0 _aBhatti bikrama dityuni kathalu
260 _c1950
650 _aTELUGU FICTION
942 _h035,3NLA4,1, J0
_cTEXL
_2CC
999 _c465629
_d465629